000 00744nam a2200217 a 4500
001 000045108
003 OSt
005 20240304185510.0
008 150203s1992 dr 000 0 spa d
040 _aDO-SdBNP
_bspa
_cBNPHU
082 _axxxx
_bS583e
100 1 _a Silié Gatón, José A.,
_d1920-2014
_9747
245 1 0 _aÉtica profesional /
_cSilié Gatón, José A. ; prólogo Víctor Melitón Rodríguez R.
250 _a10a ed.
260 _aSanto Domingo :
_bPublicaciones América,
_c1992.
300 _a225 p. ;
_c20 cm.
500 _aIncluye datos biográficos del autor en la solapa de la contracubierta.
504 _aBibliografía : p. 223-225
700 1 2 _aRodríguez R., Víctor Melitón.
_epról.
_97367
942 _2ddc
_cLBS1
999 _c44597
_d44597